Work placements, internships and applied social research (Registro nro. 318789)

Detalles MARC
000 -ENCABEZADO
Número de control [NR] 00773 a2200217 4500
005 - FECHA Y HORA DE LA ÚLTIMA TRANSACCIÓN
control field 20210603132050.0
008 - DE LONGITUD FIJA DE DATOS DE ELEMENTOS - INFORMACIÓN GENERAL
Elementos de longitud fija [NR] 120830s2021 enk |||gr|||| 00| 0 eng d
020 ## - NUMERO INTERNACIONAL NORMALIZADO PARA LIBROS [R]
Número Internacional Normalizado del libro [NR] 9781473982321
040 ## - FUENTE DE CATALOGACION [NR]
Agencia de catalogación original [NR] CO-BoUCM
Idioma de catalogación [NR] spa
Quien Cataloga Deissy Garcia
Quien Clasifica Deissy Garcia
041 ## - CODIGO DE IDIOMA [R]
Código de idioma para texto/pista de sonido o título separado [R] Inglés
100 1# - ASIENTO PRINCIPAL--NOMBRE PERSONAL [NR]
Nombre personal [NR] Carter, Jackie
ID Autoridad 103309
245 10 - MENCION DE TITULO [NR]
Título [NR] Work placements, internships and applied social research
Mención de responsabilidad, etc. [NR] Jackie Carter
260 ## - PUBLICACION, DISTRIBUCION, ETC. (PIE DE IMPRENTA) [R]
Lugar de publicación, distribución, etc. [R] Londres
Nombre del editor, distribuidor, etc. [R] SAGE
Fecha de publicación, distribución, etc. [R] 2021
300 ## - DESCRIPCION FISICA [R]
Extensión [R] xx, 278 páginas
504 ## - NOTA DE BIBLIOGRAFIA, ETC. [R]
Nota de bibliografía, etc. [NR] Incluye referencias bibliográficas e índices
650 ## - ASIENTO SECUNDARIO DE MATERIA - TERMINO TEMATICO [R]
Término temático o nombre geográfico como elemento de entrada [NR] Pasantías universitarias
9 (RLIN) 103776
650 #7 - ASIENTO SECUNDARIO DE MATERIA - TERMINO TEMATICO [R]
9 (RLIN) 13795
Término temático o nombre geográfico como elemento de entrada [NR] Educación cooperativa
650 #7 - ASIENTO SECUNDARIO DE MATERIA - TERMINO TEMATICO [R]
Término temático o nombre geográfico como elemento de entrada [NR] Estudiantes universitarios
Subdivisión general [R] Empleo
9 (RLIN) 103777
942 ## - ELEMENTOS DE ENTRADA AGREGADOS (KOHA)
Tipo de ítem principal el descrito en 300a Libro
Sistema de clasificación DEWEY
Tema principal Educación
Edición 1
Clasificación 378.1627
Parte restante de la signatura top. C323w
Título oculto en OPAC No
Existencias
Fecha de último préstamo Total préstamos Total Renewals Signatura topográfica Código de barras Última vez visto Ejemplar Costo de reposición Price effective from Tipo de ítem Perdido Sistema de clasificación Dañado No prestable Tipo de ítem específico Suprimido Ubicación habitual Ubicación actual Localización Fecha de creación Proveedor Forma de adquisición Costo
08/06/2021 1 4 378.1627 C323w 100167500 05/12/2025 Ej.1 122853.00 03/06/2021 Libro   DEWEY     Libro   Claustro Claustro 2do piso 03/06/2021 157 Compra 122853.00
      378.1627 C323w 100167501 05/12/2025 Ej.2 122853.00 03/06/2021 Libro   DEWEY     Libro   Claustro Claustro 2do piso 03/06/2021 157 Compra 122853.00